| 000 | | | 03742nmc2a22002533x 450 |
| 001 | | | 92d193d1-17e2-4c83-bcc1-809b0ccc3c42 |
| 005 | | | 20200629213523.0 |
| 100 | ## | $a | 20200204l18061806k l0rusy0189 ca |
| 101 | 0# | $a | rus |
| 102 | ## | $a | RU |
| 105 | ## | $a | y### |
| 122 | 2# | $a | d |
| 200 | 1# | $a | Дело по указу царя, данному Сибирскому генерал-губернатору об оказании содействия русскому послу в Китае графу Головкину, временно остановившемуся в Сибири ввиду осложнений в дипломатических отношениях с Китаем |
| | $j | 24 февраля - 11 мая 1806 г. |
| 215 | ## | $a | 29 л. |
| | $d | 36,5х26 см |
| 251 | ## | $c | Дело |
| 300 | ## | $a | На бланке обложки указано: "Архив третьего отделения Собственной его императорского величества канцелярии" |
| 371 | ## | $a | Документ не является опубликованным и широко распространяемым |
| 461 | #0 | $1 | 001RuPRLIB520125048 |
| | $1 | 2001 |
| | $a | Департамент полиции исполнительной МВД (1811-1880) |
| | $1 | 251 |
| | $c | Фонд |
| | $1 | 852 |
| | $j | 1286 |
| 462 | #0 | $1 | 0010e2ac4d2-7339-467d-bb7f-051c6ad9e141 |
| | $1 | 2001 |
| | $a | 1802-1811 гг. |
| | $1 | 251 |
| | $c | Опись |
| | $1 | 852 |
| | $j | 54 |
| 801 | #0 | $a | RU |
| | $b | РГИА |
| | $c | 20200204 |
| | $g | RCR |
| 801 | #1 | $a | RU |
| | $b | ГлавНИВЦ |
| | $c | 20200204 |
| | $2 | rusmarc |
| 801 | #2 | $a | RU |
| | $b | ПБ им. Б.Н. Ельцина |
| | $c | 20200629 |
| | $g | RCR |
| | $2 | rusmarc |
| 850 | ## | $a | РГИА |
| 852 | ## | $a | РГИА |
| | $e | Федеральное казенное учреждение "Российский государственный исторический архив" (РГИА) |
| | $j | 35 |
| 937 | ## | $h | РГИА |
| | $d | 12338167 |
| | $a | ASBIBLIO_SCAN |
| 035 | ## | $a | RuPRLIB12147713 |
| 856 | ## | $u | http://readingroom.main.prlib.ru/item.aspx?id_node=n145910362&mode=full |